01137nam a22001337a 4500008004100000020001800041082001500059100004200074245003300116260006600149300003400215505063600249650011800885191203b xxu||||| |||| 00| 0 eng d a9788361156390 a707bB997m aParczewska, Maria y Byszewski, Janusz aMuseum as a Social Sculpture aVarsoviabCentre for Contemporary Art Ujazdowski Castlec2012 a160 pbill (col).c21 x 24 cm tIntroductionrMaria ParczewskatMuseum as a social sculpture rJanusz ByszewskitFamily atmosphere rMaria ParczewskatLaboratory in Manhattan - Between the Artist and Viewer rMaria ParczewskatA Guide to Manhattan - a continuation (1995/96 - 2010/11)rJanusz ByszewskitHome - a road to SupraślarKatarzyna BarańskatProject 4 x Pieróg recalled rJanusz Byszewski and Maria Parczewskain in conversation with Malgorzata Muszańska.tParticipation - museum instruction manualrMaria Parczewskaint26 definitions of art per square meterrKlara KopcińskatMuseum without walls. The open space of Art.rPatrycja Jastrzębska 2Arte contemporáneovArte - educación xArte - exhibiciones xArte - museosxArte - esculturazArte - Varsovia